Estadísticas para Geografía por Letra - J

Haz click aquí para tomar la prueba!

Estadísticas generales

  • Esta prueba ha sido tomada 2.183 veces
  • La puntuación promedio es 11 de 19

Estadísticas de respuestas

PistaRespuesta% Correcto
Isla donde se originó la música reggaeJamaica
98%
País donde se encuentra el monte FujiJapón
98%
Género musical que se originó en Nueva OrleansJazz
90%
País con el mar muertoJordania
89%
Religión que sigue la ToráJudaísmo
81%
Equipo de fútbol de TurínJuventus
78%
La ciudad más grande en SudáfricaJohannesburgo
76%
Versión francesa del nombre JuanJean
73%
La capital del rey DavidJerusalén
69%
Capital de SudánJartum
62%
Isla donde se encuentra YakartaJava
61%
Península formando la mayor parte de DinamarcaJutlandia
49%
La isla más grande de las Islas del CanalJersey
34%
Capital de AlaskaJuneau
34%
Ciudad importante en FloridaJacksonville
31%
Capital de MisuriJefferson City
21%
Religión india no violentaJainismo
18%
Primer asentamiento inglés permanente en AméricaJamestown
13%
Ciudad india o estilo de pantalones de equitaciónJodhpur
11%

Distribución de puntuación

Porcentaje por número respondido

Porcentaje de gente con cada puntuación

Historial de tus puntuaciones

No has tomado esta prueba